Harmincéves a Tisza-kutatás
Elmentve itt :
| Dokumentumtípus: | Cikk |
|---|---|
| Megjelent: |
1983-04-29
|
| Sorozat: | Délmagyarország
73 No. 100 |
| Kulcsszavak: | Tisza-kutatás |
| Online Access: | http://dmarchiv.bibl.u-szeged.hu/90628 |
| LEADER | 00399nab a2200145 i 4500 | ||
|---|---|---|---|
| 001 | delm90628 | ||
| 005 | 20190627124947.0 | ||
| 008 | 190627s1983 hu o 0|| hun d | ||
| 040 | |a SZTE Délmagyarország Archívum |b hun | ||
| 041 | |a hun | ||
| 245 | 0 | 0 | |a Harmincéves a Tisza-kutatás |h [elektronikus dokumentum] |
| 260 | |c 1983-04-29 | ||
| 300 | |a 8 | ||
| 490 | 0 | |a Délmagyarország |v 73 No. 100 | |
| 695 | |a Tisza-kutatás | ||